000 nam a22 a 4500
999 _c471
_d471
005 20170504092204.0
008 170504b1987 ENK||||| |||| 00| 0 eng d
040 _aAKMAL
082 _219
_a153.42 BON
090 _a153.42
_bBON
100 _aDe Bono, Edward
_d1933-
_91066
245 _aLetters to thinkers
_b further thoughts on lateral thinking /
_cEdward de Bono.
260 _a Harmondsworth
_bPenguin
_c1988, c1987.
300 _a325p.
_bill.
_c20cm
500 _aOriginally published: London : Harrap, 1987.
500 _aIncludes index.
599 _aDALAM PROSES
650 _aThought and thinking.
_9913
852 _aBritish Library
_bHMNTS
942 _2ddc
_cBOOK